000 00401nam a2200169Ia 4500
005 20140403140925.0
008 140130s9999 xx 000 0 und d
050 _aPZ 7
_b.J81 2006
245 _cJoose, Barbara
_aPapa, do you love me?
260 _bScholastic,
_c2005
300 _a32 p. :
_bill. ;
_c26 cm.
440 _v1
521 _aG4
526 _c680
942 _cBK
_2lcc
999 _c40962
_d40962